| 000 | 00575nam a2200193Ia 4500 | ||
|---|---|---|---|
| 008 | 151121s9999||||xx |||||||||||||| ||und|| | ||
| 082 | _a811/पाठक | ||
| 082 | _bHNW-12724 | ||
| 100 | _aपाठक गं। रा। | ||
| 245 | _aशक्तिकेतु | ||
| 260 | _b"अभय साहित्य,पुणे।" | ||
| 260 | _c-- | ||
| 300 | _a37 | ||
| 600 | _aपाठक गं। रा। | ||
| 630 | _aशक्तिकेतु | ||
| 700 | _aपाठक गं। रा। | ||
| 730 | _aशक्तिकेतु | ||
| 942 | _cBOOK | ||
| 999 |
_c1217102 _d1217099 |
||